000
00342cam a2200145ua 4500
041
_a
hin
_h
082
_a
891.43
_b
BAC/GH
100
_a
bachan, .
245
_a
Ghayam ki madhusala /
_c
Bachan.
_h
Textual Documents
260
_a
:
_b
RAJPAL and samach ,
_c
1960.
300
_a
143 ;
_e
`.
504
_a
942
_c
BK
999
_c
11888
_d
11888